Tiểu thuyết về đề tài miền núi của Ma Văn Kháng.
Tiểu thuyết Ma Văn Kháng trong mạch nguồn văn xuôi về miền núi. Hiện thực xã hội và con người trong tiểu thuyết về đề tài miền núi của Ma Văn Kháng
Đã lưu trong:
| Tác giả chính: | |
|---|---|
| Tác giả khác: | |
| Định dạng: | Sách |
| Ngôn ngữ: | Vietnamese |
| Được phát hành: |
Đà Nẵng
Đại học Đà Nẵng
2011
|
| Loạt: | Luận văn thạc sĩ khoa học xã hội và nhân văn . Chuyên ngành: Văn học Việt Nam
|
| Những chủ đề: | |
| Các nhãn: |
Thêm thẻ
Không có thẻ, Là người đầu tiên thẻ bản ghi này!
|
| Thư viện lưu trữ: | Mạng thư viện Đại học Đà Nẵng |
|---|
| LEADER | 01477nam a2200337 4500 | ||
|---|---|---|---|
| 001 | 000012661 | ||
| 003 | 8969 | ||
| 005 | 20120223100208.0 | ||
| 008 | 120223s2011 viesd | ||
| 041 | |a vie | ||
| 072 | |a Khóa luận tốt nghiệp | ||
| 082 | |a 895.922334 |b NG-T | ||
| 100 | |a Nguyễn, Thị Phương Thảo | ||
| 245 | |a Tiểu thuyết về đề tài miền núi của Ma Văn Kháng. |c Nguyễn, Thị Phương Thảo | ||
| 260 | |a Đà Nẵng |b Đại học Đà Nẵng |c 2011 | ||
| 300 | |a 117 tr. |c 29 cm |e tóm tắt + đia CD | ||
| 490 | |a Luận văn thạc sĩ khoa học xã hội và nhân văn . Chuyên ngành: Văn học Việt Nam | ||
| 500 | |a Tham khảo tr.113-117 | ||
| 520 | |a Tiểu thuyết Ma Văn Kháng trong mạch nguồn văn xuôi về miền núi. Hiện thực xã hội và con người trong tiểu thuyết về đề tài miền núi của Ma Văn Kháng | ||
| 653 | |a Luận văn thạc sí | ||
| 700 | |a Đinh, Lựu |c TS |e Hướng dẫn | ||
| OWN | |a LSP | ||
| AVA | |a UDN50 |b LSP |d 895.922334 NG-T |e available |t Error 5001 Not defined in file expand_doc_bib_avail. |f 1 |g 0 |h N |i 0 |k 1 | ||
| 999 | |a From the UDN01 | ||
| AVA | |a UDN50 |b LSP |d 895.922334 NG-T |e available |t Error 5001 Not defined in file expand_doc_bib_avail. |f 1 |g 0 |h N |i 0 |k 1 | ||
| TYP | |a Monograph | ||
| TYP | |a Printed language | ||
| 980 | |a Mạng thư viện Đại học Đà Nẵng | ||